000 00809nam a2200253Ia 4500
003 OSt
005 20220928131020.0
006 a|||||r|||| 00| 0
007 ta
008 220927b |||||||| |||| 00| 0 eng d
020 _c1755
024 _a100782
037 _b452, 27/10/2009, Pioneer Book Distributors
_cTextual
040 _aSDCL
_cSDCL
_beng
041 _2eng
_aeng
082 _aX:54, P9
100 _aVerbeke Alain
_9460382
245 0 _aInternational business strategy
_b Rethinking the foundations of global corporate success.
260 _aCambridge
_bCambridge University Press
_c2009
300 _axxiii,481p
_ccm.
650 _aBuisness Economics
942 _hX:54, P9
_cTEXL
_2CC
999 _c789248
_d789248